<?xml version="1.0" encoding="UTF-8"?>
<record
    xmlns:xsi="http://www.w3.org/2001/XMLSchema-instance"
    xsi:schemaLocation="http://www.loc.gov/MARC21/slim http://www.loc.gov/standards/marcxml/schema/MARC21slim.xsd"
    xmlns="http://www.loc.gov/MARC21/slim">

  <leader>01638cam a22003614a 4500</leader>
  <controlfield tag="001">11807651</controlfield>
  <controlfield tag="003">AUA.1</controlfield>
  <controlfield tag="005">20111017103809.0</controlfield>
  <controlfield tag="008">991012s2002    nyu      b    001 0 eng  </controlfield>
  <datafield tag="010" ind1=" " ind2=" ">
    <subfield code="a">   99053037 </subfield>
  </datafield>
  <datafield tag="020" ind1=" " ind2=" ">
    <subfield code="a">0820445967 (alk. paper)</subfield>
  </datafield>
  <datafield tag="040" ind1=" " ind2=" ">
    <subfield code="a">DLC</subfield>
    <subfield code="c">DLC</subfield>
    <subfield code="d">DLC</subfield>
  </datafield>
  <datafield tag="042" ind1=" " ind2=" ">
    <subfield code="a">pcc</subfield>
  </datafield>
  <datafield tag="043" ind1=" " ind2=" ">
    <subfield code="a">a-iq---</subfield>
  </datafield>
  <datafield tag="050" ind1="0" ind2="0">
    <subfield code="a">BS1655.2</subfield>
    <subfield code="b">.S95 2002</subfield>
  </datafield>
  <datafield tag="082" ind1="0" ind2="0">
    <subfield code="a">224/.9706</subfield>
    <subfield code="2">21</subfield>
  </datafield>
  <datafield tag="100" ind1="1" ind2=" ">
    <subfield code="a">Sykes, Seth,</subfield>
    <subfield code="d">1966-</subfield>
    <subfield code="9">6830</subfield>
  </datafield>
  <datafield tag="245" ind1="1" ind2="0">
    <subfield code="a">Time and space in Haggai-Zechariah 1-8 :</subfield>
    <subfield code="b">a Bakhtinian analysis of a prophetic chronicle /</subfield>
    <subfield code="c">Seth Sykes.</subfield>
  </datafield>
  <datafield tag="260" ind1=" " ind2=" ">
    <subfield code="a">New York :</subfield>
    <subfield code="b">P. Lang,</subfield>
    <subfield code="c">c2002.</subfield>
  </datafield>
  <datafield tag="300" ind1=" " ind2=" ">
    <subfield code="a">xiv, 172 p. ;</subfield>
    <subfield code="c">24 cm.</subfield>
  </datafield>
  <datafield tag="440" ind1=" " ind2="0">
    <subfield code="a">Studies in biblical literature ;</subfield>
    <subfield code="v">v. 24</subfield>
    <subfield code="9">6831</subfield>
  </datafield>
  <datafield tag="504" ind1=" " ind2=" ">
    <subfield code="a">Includes bibliographical references (p. [151]-165) and index.</subfield>
  </datafield>
  <datafield tag="600" ind1="1" ind2="0">
    <subfield code="a">Bakhtin, M. M.</subfield>
    <subfield code="q">(Mikhail Mikha&#x12D;lovich),</subfield>
    <subfield code="d">1895-1975.</subfield>
    <subfield code="9">6832</subfield>
  </datafield>
  <datafield tag="630" ind1="0" ind2="0">
    <subfield code="a">Bible.</subfield>
    <subfield code="p">O.T.</subfield>
    <subfield code="p">Haggai</subfield>
    <subfield code="x">Criticism, interpretation, etc.</subfield>
    <subfield code="9">6833</subfield>
  </datafield>
  <datafield tag="630" ind1="0" ind2="0">
    <subfield code="a">Bible.</subfield>
    <subfield code="p">O.T.</subfield>
    <subfield code="p">Zechariah I-VIII</subfield>
    <subfield code="x">Criticism, interpretation, etc.</subfield>
    <subfield code="9">6834</subfield>
  </datafield>
  <datafield tag="630" ind1="0" ind2="0">
    <subfield code="a">Bible.</subfield>
    <subfield code="p">O.T.</subfield>
    <subfield code="p">Haggai</subfield>
    <subfield code="v">Comparative studies.</subfield>
    <subfield code="9">6835</subfield>
  </datafield>
  <datafield tag="630" ind1="0" ind2="0">
    <subfield code="a">Bible.</subfield>
    <subfield code="p">O.T.</subfield>
    <subfield code="p">Zechariah I-VIII</subfield>
    <subfield code="v">Comparative studies.</subfield>
    <subfield code="9">6836</subfield>
  </datafield>
  <datafield tag="651" ind1=" " ind2="0">
    <subfield code="a">Babylonia</subfield>
    <subfield code="x">Historiography.</subfield>
    <subfield code="9">6837</subfield>
  </datafield>
  <datafield tag="906" ind1=" " ind2=" ">
    <subfield code="a">7</subfield>
    <subfield code="b">cbc</subfield>
    <subfield code="c">orignew</subfield>
    <subfield code="d">1</subfield>
    <subfield code="e">ocip</subfield>
    <subfield code="f">19</subfield>
    <subfield code="g">y-gencatlg</subfield>
  </datafield>
  <datafield tag="942" ind1=" " ind2=" ">
    <subfield code="2">lcc</subfield>
    <subfield code="c">BOOK</subfield>
  </datafield>
  <datafield tag="999" ind1=" " ind2=" ">
    <subfield code="c">1886</subfield>
    <subfield code="d">1886</subfield>
  </datafield>
  <datafield tag="952" ind1=" " ind2=" ">
    <subfield code="0">0</subfield>
    <subfield code="1">0</subfield>
    <subfield code="2">lcc</subfield>
    <subfield code="4">0</subfield>
    <subfield code="7">0</subfield>
    <subfield code="8">Books</subfield>
    <subfield code="a">AUA.1</subfield>
    <subfield code="b">AUA.1</subfield>
    <subfield code="c">GS</subfield>
    <subfield code="d">2011-10-17</subfield>
    <subfield code="e">Donation, Biblical Research Institute</subfield>
    <subfield code="g">25.00</subfield>
    <subfield code="h">AUA001985</subfield>
    <subfield code="l">0</subfield>
    <subfield code="o">BS1655.2 .S95 2002</subfield>
    <subfield code="p">AUA001985</subfield>
    <subfield code="r">2011-10-17 00:00:00</subfield>
    <subfield code="v">25.00</subfield>
    <subfield code="w">2011-10-17</subfield>
    <subfield code="y">BOOK</subfield>
  </datafield>
</record>
